| 000 | 00894nam a2200289 a 4500 | ||
|---|---|---|---|
| 999 |
_c8906 _d8906 |
||
| 001 | 8906 | ||
| 003 | BD-JhCC | ||
| 005 | 20180305172718.0 | ||
| 008 | 180305s1977 nyuaf b 001 0beng d | ||
| 020 | _a0151556849 | ||
| 035 | _a(BD-JhCC)8906 | ||
| 040 |
_aBD-JhCC _cDLC _dBD-JhCC |
||
| 041 | _aeng | ||
| 050 | 0 | 0 |
_aDA590 _b.L28 |
| 082 | 0 | 0 |
_a941.085/092/4 _aB _bLAC 1977 |
| 100 | 1 | _aLacey, Robert. | |
| 245 | 1 | 0 |
_aMajesty : _bElizabeth II and the House of Windsor / _cRobert Lacey. |
| 260 |
_aNew York : _bHarcourt Brace Jovanovich, _cc1977. |
||
| 300 |
_axxxii, 349 p., [17] leaves of plates : _bill. ; _c24 cm. |
||
| 500 | _aIncludes index. | ||
| 504 | _aIncludes Index and Bibliography: p. 313-317. | ||
| 600 | 0 | 0 |
_aElizabeth _cQueen of Great Britain, _d1926- |
| 650 | 0 |
_aQueens _zGreat Britain _xBiography. |
|
| 650 | 0 |
_aMonarchy _zGreat Britain. |
|
| 942 |
_2ddc _cBK |
||